Marianela

Furkejuvvon:
Bibliográfalaš dieđut
Váldodahkki: Pérez Galdós, Benito (Dahkki)
Materiálatiipa: Girji
Giella:espánnjágiella
Almmustuhtton: Buenos Aires Troquel 1965
Preanttus:5a. ed
Ráidu:Clásicos troquel
Fáttát:
Fáddágilkorat: Lasit fáddágilkoriid
Eai fáddágilkorat, Lasit vuosttaš fáddágilkora!

MARC

LEADER 00000nam a2200000 a 4500
001 UCH6754
003 CL-VaPUC
008 091109e19650000AG |||||||||||||||||spa|d
082 0 4 |a 863  |b PER  |2 21 
100 0 |a Pérez Galdós, Benito  |e author  |9 318144 
245 1 0 |a Marianela 
250 |a 5a. ed 
300 |a 207 p 
942 |c BK 
945 |d 20091109 00:00:00  |a lazolas 
260 |a Buenos Aires  |b Troquel  |c 1965 
650 0 |a Novelas españolas  |9 265052 
583 |a last modification  |c 20091109 00:00:00  |k Rodrigo Vera 
490 0 |a Clásicos troquel 
999 |c 337582  |d 337580